000 00595nam a2200229 i 4500
001 C2-0085841
003 PPAK
005 20180727090709.0
008 970430s1985 mau |||| ||||| | eng d
020 _a0395362172
040 _aPPAK
_beng
_cPPAK
_erda
082 0 4 _a823
_223
090 0 0 _a823
_bRIS
_dG
100 1 _aRiskind, Mary,
_eauthor
245 1 0 _aWildcat summer
264 1 _aBoston, Massachusetts :
_bHoughton Mifflin ,
_c1985
300 _a174 pages ;
_c22 cm
336 _2rdacontent
_atext
337 _2rdamedia
_aunmediated
338 _2rdacarrier
_avolume
942 _ddc
_cB
999 _c17333
_d17333